000 00567nam a2200181 a 4500
005 20140310183435.0
008 080128s19uu xx 00 eng d
020 _a14112911672
050 _aQA 276.18
_b.G73 2006
100 _aGraham, Alan
245 _aDeveloping thinking in statistics /
_cAlan Graham
260 _aLondon :
_bPaul Chapman Publishing,
_c2006.
300 _a276 p. :
_bill. ;
_c25 cm.
650 _aStatistics
_xStudy and Teaching (Elementary).
650 _aStatistics
_xStudy and Teaching (Secondary).
942 _cBK
_2lcc
_kFOR
999 _c22860
_d22860